000 00482nam a2200181Ia 4500
001 8581
005 20260306160620.0
008 260306t2016||||xx |||||||||||||| ||spa||
041 _aESP
082 _a371.192
_bE92
100 _aEstévez López, Estefania
_eAUT
245 0 _aIntervención psicoeducativa en el ámbito familiar, social y comunitario
260 _c2016
300 _aviii, 258 páginas :
_c24 cm.
650 _aGEN
654 _aCED
942 _cLIB
_dJUS
_fJUS
_2ddc
_n
999 _c8581
_d8581